| 000 | 00648nam a22001817a 4500 | ||
|---|---|---|---|
| 003 | BD-DhUL | ||
| 005 | 20180528114046.0 | ||
| 008 | 180528b xxu||||| |||| 00| 0 eng d | ||
| 040 |
_aBD-DhUL _cBD-DhUL |
||
| 082 |
_a891.443 _bSAM |
||
| 100 | 1 | _aসামাদ, আব্দুস। | |
| 245 | 0 | 0 |
_aমেঘে ঢাকা শশী / _cআব্দুস সামাদ |
| 260 |
_aবগুরা : _bবিশ্ববাংগালী প্রকাশন, _c১৯৯২। |
||
| 300 |
_a১৪৪ পৃ. ; _c২১ সেমি. |
||
| 650 | 4 | _aবাংলা উপন্যাস | |
| 650 | 4 | _aBengali fiction | |
| 942 |
_2ddc _cBK |
||
| 999 |
_c241656 _d241656 |
||